Religion Quiz

Random Religion or Letter Quiz

Bible Books Per Letter Quiz Stats

 Plays Quiz Updated Jul 16, 2015

Challenge
Share
Tweet
Embed
Score 0/18 Timer 01:00
8 Plays Today
Letter Book % Correct
JJames, Job...
89.4%
EEcclesiastes, Ephesians…
84.8%
LLamentations, Leviticus…
83.5%
GGalatians, Genesis
80.5%
MMalachi, Mark…
78.8%
AActs, Amos
75.9%
DDaniel, Deuteronomy
72.6%
CChronicles, Colossians…
71.5%
RRevelation, Romans…
66.3%
Letter Book % Correct
PPeter, Philemon...
63.3%
NNahum, Nehemiah…
58%
HHabakkuk, Haggai…
52%
KKings
51.7%
IIsaiah
46%
TThessalonians, Timothy…
37.7%
SSamuel, Song of Solomon
35.8%
OObadiah
33.1%
ZZechariah, Zephaniah
27.4%

You're not logged in!

Compare scores with friends on all Sporcle quizzes.
Join for Free
OR
Log In

You Might Also Like...

Show Comments

Extras

Top Quizzes Today


Score Distribution

Your Account Isn't Verified!

In order to create a playlist on Sporcle, you need to verify the email address you used during registration. Go to your Sporcle Settings to finish the process.

Report this User

Report this user for behavior that violates our Community Guidelines.

Details: